000 00556nam a2200145Ia 4500
008 100204s9999 xx 000 0 und d
082 _b4873
100 _aसावरकर विनायक दामोदर
245 _aसंगीत उत्तरक्रिया
260 _b"वीर सावरकर प्रकाशन , मुंबई"
_c1982 4
300 _a6+84
630 _aसंगीत उत्तरक्रिया
730 _aसंगीत उत्तरक्रिया
942 _cBOOK
999 _c449546
_d449543